Využitie obnoviteľných zdrojov energie v praxi

Z hľadiska udržateľného rozvoja sú dôležitým energetickým zdrojom obnoviteľné zdroje energie. Využitie slnečnej energie prostredníctvom fotovoltického systému pre rodinný dom je názorná ukážka aplikácie obnoviteľných zdrojov energie v praxi, kde je zároveň stanovená doba návratnosti.

Salvato in:
Dettagli Bibliografici
Autore principale: Bosák, Martin, 1967-
Altri autori: Šimková, Diana
Natura: Capitolo di libro
Lingua:slovacco
Soggetti:
Tags: Aggiungi Tag
Nessun Tag, puoi essere il primo ad aggiungerne!!

MARC

LEADER 00000naa a2200000 4500
001 0290104
005 20240619113431.2
041 0 |a slo 
044 |a SK 
245 1 0 |a Využitie obnoviteľných zdrojov energie v praxi  |c Martin Bosák, Diana Šimková 
520 |a Z hľadiska udržateľného rozvoja sú dôležitým energetickým zdrojom obnoviteľné zdroje energie. Využitie slnečnej energie prostredníctvom fotovoltického systému pre rodinný dom je názorná ukážka aplikácie obnoviteľných zdrojov energie v praxi, kde je zároveň stanovená doba návratnosti. 
610 2 0 |a zdroje energie obnoviteľné 
610 2 0 |a energia slnečná 
610 2 0 |a prostredie životné 
100 1 |a Bosák, Martin, 1967- 
700 1 |a Šimková, Diana